| 000 | 00897nas a2200277 4500 | ||
|---|---|---|---|
| 001 | BR0801300 | ||
| 003 | BR-BrBNA | ||
| 005 | 20231205111641.0 | ||
| 007 | ta | ||
| 008 | 230509b bl.|||p| |||| 00| 00por d | ||
| 040 |
_aBR-BrBNA _bpor _cBiblioteca Nacional de Agricultura |
||
| 041 | _a(Pt) | ||
| 072 | _aL20 | ||
| 100 | 1 | _aOliveira, L.G. | |
| 100 | 1 | _aBispo, P. da C. | |
| 100 | 1 | _aBispo, P. da | |
| 245 | 1 | _aEcologia de comunidades das larvas de Trichoptera Kirby (Insecta)em dois córregos de primeira ordem da Serra dos Pireneus, Pirenópolis, Goiás, Brasil | |
| 650 | _aINSETO | ||
| 650 | _aECOLOGIA ANIMAL | ||
| 650 | _aLARVA | ||
| 650 | _aSERRA DOS PIRENEUS | ||
| 650 | _aPIRENÓPOLIS | ||
| 773 | 0 |
_tRevista Brasileira de Zoologia (Brazil) _xISSN 0101-8175 _g(Dec 2001), v. 18(4) p. 1245-1252 _wBR0801300 |
|
| 909 |
_a202311 _bLúcia _c55 _dLúcia Elande |
||
| 942 |
_2AGRIS _n0 _cANA |
||
| 999 |
_c193759 _d193759 |
||